Národní zájmy v oblasti výzkumu a inovací

Identifikácia národných záujmov v Českej republike. Obdobie prechodu k ekonomike znalostí. Národné politiky v oblasti výskumu, vývoja a inovácií. Národná politika výskumu a vývoja v ČR. Národná inovačná politika ČR. Nevyhnutnosť podpory spin-off firiem a nových technologických firiem. Rastúci ino...

Full description

Saved in:
Bibliographic Details
Main Author: Mráček, Karel
Format: Book Chapter
Language:Czech
Subjects:
Tags: Add Tag
No Tags, Be the first to tag this record!

MARC

LEADER 00000naa$a2200000$$$4500
001 0057088
005 20220713130754.3
041 0 |a cze 
044 |a CZ 
245 1 0 |a Národní zájmy v oblasti výzkumu a inovací  |c Karel Mráček 
520 |a Identifikácia národných záujmov v Českej republike. Obdobie prechodu k ekonomike znalostí. Národné politiky v oblasti výskumu, vývoja a inovácií. Národná politika výskumu a vývoja v ČR. Národná inovačná politika ČR. Nevyhnutnosť podpory spin-off firiem a nových technologických firiem. Rastúci inovačný potenciál firiem ako národný záujem. 
610 2 0 |a výskum 
610 2 0 |a stratégia inovačná 
610 2 0 |a záujmy ekonomické 
610 2 0 |a vývoj 
610 2 0 |a ekonomika vedomostná 
610 2 0 |a Česko 
610 2 0 |a inovácia 
100 1 |a Mráček, Karel